|
|
|
|
| LEADER |
00728nta a2200181 i 4500 |
| 001 |
dipl96521 |
| 005 |
20201219094509.0 |
| 008 |
201219s2009 hu om 0|| zxx d |
| 040 |
|
|
|a SZTE Diploma Repozitórium
|b hun
|
| 041 |
|
|
|a zxx
|
| 100 |
1 |
|
|a Scheffer József
|
| 245 |
1 |
3 |
|a Az azonnali üzenetküldők nyelvezetének jellemzése
|h [elektronikus dokumentum] /
|c József Scheffer
|
| 246 |
1 |
0 |
|a Linguistic Characterization of the Instant Messenger
|h [elektronikus dokumentum]
|
| 260 |
|
|
|c 2009
|
| 650 |
|
4 |
|a Pedagógusképzés
|
| 650 |
|
4 |
|a Formal, cognitive, functional and computational linguistics
|
| 700 |
1 |
|
|a Juhász Valéria
|e ths
|
| 856 |
4 |
0 |
|u http://diploma.bibl.u-szeged.hu/id/eprint/96521/1/2009_scheffer_jozsef.pdf
|z Dokumentum-elérés
|